Tin dashakko yatra (Record no. 38129)
[ view plain ]
| 000 -LEADER | |
|---|---|
| fixed length control field | 005700000a22002650004500 |
| 015 ## - NATIONAL BIBLIOGRAPHY NUMBER | |
| National bibliography number | NNB |
| 082 ## - DEWEY DECIMAL CLASSIFICATION NUMBER | |
| Classification number | N070.4 |
| Item number | A628t |
| 020 ## - INTERNATIONAL STANDARD BOOK NUMBER | |
| International Standard Book Number | 99946-34-64-1 |
| 041 ## - LANGUAGE CODE | |
| Language code of text/sound track or separate title | Nep |
| 100 ## - MAIN ENTRY--PERSONAL NAME | |
| Personal name | Adhikari, Saroj |
| 245 ## - TITLE STATEMENT | |
| Title | Tin dashakko yatra |
| 260 ## - PUBLICATION, DISTRIBUTION, ETC. (IMPRINT) | |
| Place of publication, distribution, etc | Kathmandu |
| Name of publisher, distributor, etc | Narayan Chaulagain, Nepal |
| 260 ## - PUBLICATION, DISTRIBUTION, ETC. (IMPRINT) | |
| Date of publication, distribution, etc | 2061 B.S. |
| 300 ## - PHYSICAL DESCRIPTION | |
| Extent | 112p. |
| 365 ## - TRADE PRICE | |
| Price type code | Rs.125.00 |
| 518 ## - DATE/TIME AND PLACE OF AN EVENT NOTE | |
| Date/time and place of an event note | 20061027 |
| 530 ## - ADDITIONAL PHYSICAL FORM AVAILABLE NOTE | |
| Additional physical form available note | M |
| 650 ## - SUBJECT ADDED ENTRY--TOPICAL TERM | |
| Topical term or geographic name as entry element | Journalism |
| 650 ## - SUBJECT ADDED ENTRY--TOPICAL TERM | |
| Topical term or geographic name as entry element | Press |
| 650 ## - SUBJECT ADDED ENTRY--TOPICAL TERM | |
| Topical term or geographic name as entry element | Democracy |
| 650 ## - SUBJECT ADDED ENTRY--TOPICAL TERM | |
| Topical term or geographic name as entry element | Newspapers |
| 651 ## - SUBJECT ADDED ENTRY--GEOGRAPHIC NAME | |
| Geographic name | Nepal |
| 650 ## - SUBJECT ADDED ENTRY--TOPICAL TERM | |
| Topical term or geographic name as entry element | Budhathoki, Gopal |
| 942 ## - ADDED ENTRY ELEMENTS (KOHA) | |
| Koha item type | General Collections |
| Withdrawn status | Lost status | Source of classification or shelving scheme | Damaged status | Not for loan | Home library | Current library | Shelving location | Date acquired | Total Checkouts | Full call number | Barcode | Date last seen | Price effective from | Koha item type |
|---|---|---|---|---|---|---|---|---|---|---|---|---|---|---|
| Dewey Decimal Classification | Tribhuvan University Central Library | Tribhuvan University Central Library | New Building | 06/20/2010 | N070.4 A628t | G62499 | 06/20/2010 | 06/20/2010 | General Collections | |||||
| Dewey Decimal Classification | Tribhuvan University Central Library | Tribhuvan University Central Library | New Building | 06/20/2010 | N070.4 A628t | G62500 | 06/20/2010 | 06/20/2010 | General Collections |
